Vista normal
Vista MARC
Entrada Topical Term
Número de registros utilizados en: 1
001 - CONTROL NUMBER
- control field: 60152
003 - CONTROL NUMBER IDENTIFIER
- control field: OSt
005 - DATE AND TIME OF LATEST TRANSACTION
- control field: 20250610150305.0
008 - FIXED-LENGTH DATA ELEMENTS
- fixed length control field: 250610|| aca||aabn | a|a d
040 ## - CATALOGING SOURCE
- Original cataloging agency: OSt
- Transcribing agency: OSt
150 ## - HEADING--TOPICAL TERM
- Topical term or geographic name entry element: Fotógrafos
- Form subdivision: Novela
670 ## - SOURCE DATA FOUND
- Source citation: Work cat.: (OSt)57263: Badrán Padauí, Pedro, 1960- , autor 60151, El hombre de la cámara mágica